<?xml version="1.0" encoding="UTF-8"?>
<record
    xmlns:xsi="http://www.w3.org/2001/XMLSchema-instance"
    xsi:schemaLocation="http://www.loc.gov/MARC21/slim http://www.loc.gov/standards/marcxml/schema/MARC21slim.xsd"
    xmlns="http://www.loc.gov/MARC21/slim">

  <leader>00510nam a22001817a 4500</leader>
  <datafield tag="999" ind1=" " ind2=" ">
    <subfield code="c">59680</subfield>
    <subfield code="d">59680</subfield>
  </datafield>
  <controlfield tag="003">Ge_BSU</controlfield>
  <controlfield tag="005">20230519123327.0</controlfield>
  <controlfield tag="008">230331s2010    enk||||| |||| 00| 0 eng d</controlfield>
  <datafield tag="020" ind1=" " ind2=" ">
    <subfield code="a">9780415499125x</subfield>
  </datafield>
  <datafield tag="041" ind1=" " ind2=" ">
    <subfield code="a">eng</subfield>
  </datafield>
  <datafield tag="080" ind1=" " ind2=" ">
    <subfield code="a">364 D-69</subfield>
  </datafield>
  <datafield tag="100" ind1=" " ind2=" ">
    <subfield code="a">Doel, Mark </subfield>
    <subfield code="9">17295</subfield>
  </datafield>
  <datafield tag="245" ind1=" " ind2=" ">
    <subfield code="a">Social Work Placements: </subfield>
    <subfield code="b">A Traveller's Guide /</subfield>
    <subfield code="c">Doel, Mark.</subfield>
  </datafield>
  <datafield tag="264" ind1=" " ind2=" ">
    <subfield code="a">London :</subfield>
    <subfield code="b">Routledge,</subfield>
    <subfield code="c">2010.</subfield>
  </datafield>
  <datafield tag="300" ind1=" " ind2=" ">
    <subfield code="a">241 p.;</subfield>
    <subfield code="b">25 cm.</subfield>
  </datafield>
  <datafield tag="653" ind1=" " ind2=" ">
    <subfield code="a">&#x10E1;&#x10DD;&#x10EA;&#x10D8;&#x10D0;&#x10DA;&#x10D8; &#x10E1;&#x10D0;&#x10DB;&#x10E1;&#x10D0;&#x10EE;&#x10E3;&#x10E0;&#x10D8;</subfield>
  </datafield>
  <datafield tag="942" ind1=" " ind2=" ">
    <subfield code="2">udc</subfield>
    <subfield code="c">BK</subfield>
  </datafield>
  <datafield tag="952" ind1=" " ind2=" ">
    <subfield code="0">0</subfield>
    <subfield code="1">0</subfield>
    <subfield code="2">udc</subfield>
    <subfield code="4">0</subfield>
    <subfield code="6">364_D69</subfield>
    <subfield code="7">0</subfield>
    <subfield code="9">94244</subfield>
    <subfield code="a">CPL</subfield>
    <subfield code="b">CPL</subfield>
    <subfield code="c">GEN</subfield>
    <subfield code="d">2023-03-31</subfield>
    <subfield code="g">8.00</subfield>
    <subfield code="o">364 D-69</subfield>
    <subfield code="p">64083</subfield>
    <subfield code="r">2023-03-31</subfield>
    <subfield code="t">64083</subfield>
    <subfield code="w">2023-03-31</subfield>
    <subfield code="y">BK</subfield>
    <subfield code="z">8 &#x10DA;.</subfield>
  </datafield>
</record>
